| 000 | 00486nam a22001457a 4500 | ||
|---|---|---|---|
| 020 | _a81-222-8174-1 | ||
| 082 |
_aCOI _bBAN/W |
||
| 100 | _aBARYTOWNSEND, CHARLES | ||
| 245 | _aWORLD'S GREATEST PUZZLES | ||
| 260 |
_aNEW DELHI _bSTERLING PUBLISHING HOUSE _c2000 |
||
| 300 | _a126 | ||
| 520 | _aA puzzle is a game, problem, or toy that tests a person's ingenuity or knowledge. In a puzzle, the solver is expected to put pieces together (or take them ... | ||
| 650 | _aPUZZLES | ||
| 942 | _cBK | ||
| 999 |
_c6690 _d6690 |
||